000 00404nam a2200121 4500
999 _c10246
_d10246
008 180809b ||||| |||| 00| 0 eng d
100 _930225
_aAndrade, Jeanette I.
245 _aPrincipal faces DepEd probe for what he said about special kids/
_cJeanette I. Andrade
260 _aPhilippines
_bPhilippine Daily Inquirer
_cc2017
300 _apage A10.
650 0 _930226
_aHandicapped.
942 _2ddc
_cPER